000 01432cam a2200445 a 4500
999 _c4392
_d4392
003 UkOxU
005 20220323075229.0
008 880808s1969 enka 001 0 eng d
020 _a0333107942
020 _a0333109287
040 _cEQI
050 _aTA405
_b.R92 1969
092 _aD0400203941
092 _a10160237
092 _a10160237
100 1 _aRyder, G. H.
245 1 0 _aStrength of materials /
_cG.H. Ryder.
250 _a3rd ed., in SI units..
260 _aLondon :
_bMacmillan,
_c1969
300 _axii, 340 p. :
_bill., tables ;
_c22 cm.
500 _aIncludes index.
650 0 _aStrength of materials.
942 _2lcc
_cBK
_nMM